000 00293nam a2200109 a 4500
005 20140408090012.0
008 021114s19uu xx 00 eng d
050 _aPGS '99
_bARI #6
100 _aAriki, Ma. Greta P.
245 _aBenefits of varsity affiliation to student of SIS.
942 _cPASS
999 _c96160
_d96160